000 00589nam a2200241 a 4500
001 nice12345678
003 IN_TiNIC
005 20260116014937.0
008 050524s1999 newa grp 000 0 eng
020 _a0393489
_c100
082 0 0 _a574.5
_bSTA
100 _aStarke, Linda
245 _aState of the World 2000.
260 _aNew York
_bW.W.Norton and Co.
_c1999
300 _a276p
500 _aincludes index and biblioraphy
505 2 _aXerox copy -bound.
650 _aEcology
700 1 _aStarke, Linda
902 _bSRS
942 _cBK
999 _c17649
_d17649